000 00590nam a2200205Ia 4500
001 21616
003 GE_BSU
008 181216s||||||||xx |||||||||||||| ||und||
040 _cGE_BSU
245 _aГосударство и право. №8. Август 2017.
245 _cГл.ред.А.С.Автономов
260 _aМосква
260 _bНаука
260 _c2017
300 _a126 стр. 30см.
653 _aГосударство и право. №8. Август 2017.
653 _aПериодика
653 _aპერიოდიკა
942 _cCR
999 _c54551
_d54551